Music Quiz

Random Music or Artist Quiz

How Canadian Are You? Quiz Stats

Quiz Updated Jul 2, 2013

Also try: Famous Canadians
Challenge
Share
Tweet
Embed
Score 0/60 Timer 12:00
0 Plays Today
Rank Artist % Correct
Rank:
I've heard of Canadada
Céline Dion
84.8%
Rank:
I've heard of Canadada
Bryan Adams
78.3%
Rank:
I've heard of Canadada
Shania Twain
74.8%
Rank:
I've seen a hockey game
Avril Lavigne
73.4%
Rank:
I've heard of Canadada
Neil Young
61.2%
Rank:
I've heard of Canadada
Alanis Morissette
61%
Rank:
I've heard of Canadada
Nickelback
58.8%
Rank:
I've seen a hockey game
Rush
58.8%
Rank:
I've heard of Canadada
Nelly Furtado
55.4%
Rank:
Jim Carrey is my neighbour
Barenaked Ladies
55%
Rank:
I've seen a hockey game
Steppenwolf
51.3%
Rank:
I've heard of Canadada
The Guess Who
50%
Rank:
I've heard of Canadada
Joni Mitchell
49.7%
Rank:
Jim Carrey is my neighbour
Men Without Hats
43%
Rank:
Jim Carrey is my neighbour
Kim Mitchell
42.6%
Rank:
Jim Carrey is my neighbour
Leonard Cohen
41.1%
Rank:
I've seen a hockey game
Gordon Lightfoot
37.9%
Rank:
I've seen a hockey game
Corey Hart
37.8%
Rank:
Loonie
Sum 41
36.3%
Rank:
I've seen a hockey game
Crash Test Dummies
33.5%
Rank:
Jim Carrey is my neighbour
Loverboy
32.9%
Rank:
Jim Carrey is my neighbour
Snow
32.2%
Rank:
I've seen a hockey game
Tom Cochrane
31.2%
Rank:
I've seen a hockey game
k.d. lang
30%
Rank:
I've seen a hockey game
Anne Murray
26.4%
Rank:
Jim Carrey is my neighbour
Alannah Myles
26.4%
Rank:
Jim Carrey is my neighbour
Feist
26.3%
Rank:
I've heard of Canadada
Paul Anka
22.6%
Rank:
Loonie
The Tragically Hip
21.5%
Rank:
Honourary Canuck!
Stompin' Tom Connors
20.6%
Rank Artist % Correct
Rank:
Loonie
K'Naan
20.4%
Rank:
Loonie
Robbie Robertson
17.1%
Rank:
Jim Carrey is my neighbour
Our Lady Peace
16%
Rank:
I've seen a hockey game
Blood Sweat and Tears
14.6%
Rank:
Loonie
Arcade Fire
11.2%
Rank:
Hoser, eh?
Jann Arden
11%
Rank:
Jim Carrey is my neighbour
Finger Eleven
10.7%
Rank:
Loonie
Blue Rodeo
9.9%
Rank:
Hoser, eh?
Billy Talent
9.2%
Rank:
Hoser, eh?
Five Man Electrical Band
9.1%
Rank:
Honourary Canuck!
Sloan
9%
Rank:
Loonie
Triumph
8.9%
Rank:
Loonie
Spirit of the West
8.4%
Rank:
Loonie
Gowan
8.3%
Rank:
Honourary Canuck!
The Stampeders
7.8%
Rank:
Hoser, eh?
April Wine
7.4%
Rank:
Hoser, eh?
5440
7.2%
Rank:
Honourary Canuck!
Matthew Good Band
7%
Rank:
Hoser, eh?
The Northern Pikes
6.2%
Rank:
Hoser, eh?
Colin James
6.2%
Rank:
Hoser, eh?
Great Big Sea
5.8%
Rank:
Hoser, eh?
Cowboy Junkies
5.5%
Rank:
Honourary Canuck!
Pursuit of Happiness
5.4%
Rank:
Loonie
Parachute Club
5.2%
Rank:
Honourary Canuck!
Payola$
5.2%
Rank:
Honourary Canuck!
Alexisonfire
4.8%
Rank:
Honourary Canuck!
Glass Tiger
3.6%
Rank:
Hoser, eh?
Jeff Healey
3.3%
Rank:
Honourary Canuck!
The Headstones
3.2%
Rank:
Honourary Canuck!
Teenage Head
2%

You're not logged in!

Compare scores with friends on all Sporcle quizzes.
Join for Free
OR
Log In

You Might Also Like...

Show Comments

Extras

Top Quizzes Today


Score Distribution

Your Account Isn't Verified!

In order to create a playlist on Sporcle, you need to verify the email address you used during registration. Go to your Sporcle Settings to finish the process.

Report this User

Report this user for behavior that violates our Community Guidelines.

Details: